000 02057nam a2200397 i 4500
001 152971
003 ES-MaACL
005 20250825063338.0
008 931025e1729 sz |r 001 0 lat
040 _aCAM
_bspa
_cES-MaACL
080 _a34"16"
100 1 _aCarleval, Tomás,
_d1576-1645
_eaut
_935272
245 1 0 _aD. D. Thomae Carleualii Hispani ... Disputationes iuris variae... :
_bDe judiciis
246 1 _aDisputationes iuris variae
246 1 _aD. D. Carleualii De iudiciis de foro competenti, et legitima iudicum potestate, ac de iudiciis in genere, iudicio executiuo, & concurs creditorum
250 _aEditio novissima, prioribus emendatior, cui accedit tractatus de judicis de officio
260 _aColoniae Allobrogum :
_bsumptibus Fratrum de Touunes,
_c1729
300 _a2 tomos en 1 volumen ([8], XXVI, 308, [32], [4], 244, [64] páginas) ;
_cFol.
500 _aTítulo en anteportada: D. D. Carleualii De iudiciis de foro competenti, et legitima iudicum potestate, ac de iudiciis in genere, iudicio executiuo, & concursu creditorum
505 8 _aT. 2: Continens titulos ultimos de iudiciis in genere, iudicio executiuo, & concursu creditorum; con portada, paginación y signaturización propia
530 _aDisponible en formato digital
596 _aMarca tipográfica xilográfica en portadas: Papillon f.
597 _aSign. : [ ]4, 2§-4§4, 5§¹, A-2D6, 2E8 ; [ ]¹, A-2B6, 2C4.
597 _aTexto a dos columnas
597 _aAnteportada
597 _aPrimera portada a dos tintas
599 _aPortada con grabado xilográfico: "Papillon S."
650 4 _aDerecho-
_vObras anteriores a 1800
_9242017
700 1 _aPapillon, Jean-Michel,
_d1698-1776
_eegr
_9155166
752 _aAlemania -
_dColonia
852 4 _aES-MaACL
_cDEPO
_dOlim: G-2213
_jR-1543
_xPergamino
856 4 _uhttps://bdh-rd.bne.es/viewer.vm?id=0000159522&page=1
_yVersión en línea
_z(Biblioteca Digital Hispánica)
942 _cMONANT
_n0
999 _c152971
_d152971